LEADER 00832nas a2200217 i 4500 001 000000158960 003 CaOOAMICUS 005 20070215000000.0 008 070215b it uu u0 0ita r 013 $a136323 040 $aSeMil$bita 245 10$aLombardia. 260 $aMilano :$bE.I.A. Edizioni Italia Artistica,$c[1927] 300 $a1 v., [24] c. di tav. a colori :$briccamente ill. ;$c49 cm. 773 0 $tBellezze d'Italia.$dMilano : E.I.A. Edizioni Italia Artistica, [1924]?.$w()17268 774 0 $t[vedi periodico].$w()265866 850 $aSeMil 852 $aSeMil$W1$xVenegono$y1$m5M XII 7$j110548$B110548$CSeMilBibl$Z2$F120192 $8I 961 $aRecupero: Altro 996 $6245$aLombardia$9(OLS)http://semarc/title/15887 996 $6260$aMilano :$bE.I.A. Edizioni Italia Artistica$9(OLS)http://semarc/publisher/34150 LEADER 00731nam a2200193 i 4500 001 000000029809 003 CaOOAMICUS 005 20251203142902.0 008 180830s1928 it u000 u ita u 040 $aSeMil$bita 100 1 $aHeine, Heinrich,$d<1797-1856>.$0(OLS)http://semarc/name/7584 245 10$aReisebilder :$bquadretti di viaggio /$cEnrico Heine. 260 $aMilano :$bBolla,$c1928. 300 $av. ;$c20 cm. 774 0 $t1.$dMilano : Bolla, 1928.$gParte1$w()193241 774 0 $aHeine, Heinrich <1797-1856>$tViaggio in Italia.$gParte2$w()201501 996 $6245$aReisebilder :$bquadretti di viaggio$9(OLS)http://semarc/title/40534 996 $6260$aMilano :$bBolla$9(OLS)http://semarc/publisher/38229